|
|
|
|
| LEADER |
00000naa2a2200000 4500 |
| 001 |
428506 |
| 005 |
20231101074835.0 |
| 035 |
|
|
|a (RuTPU)RU\TPU\prd\88064
|
| 035 |
|
|
|a RU\TPU\prd\21522
|
| 090 |
|
|
|a 428506
|
| 100 |
|
|
|a 20101013a2003 k y0rusy50 ca
|
| 101 |
0 |
|
|a rus
|
| 102 |
|
|
|a RU
|
| 200 |
1 |
|
|a Оптимизация параметров гамма-абсорбционного метода измерения толщины слоев двухслойной композиции
|f А. И. Безуглов
|
| 225 |
1 |
|
|a Радиационные методы
|
| 320 |
|
|
|a Библиогр.: 8 назв.
|
| 461 |
|
1 |
|0 (RuTPU)RU\TPU\prd\151
|t Дефектоскопия
|d 1965-
|
| 463 |
|
1 |
|0 (RuTPU)RU\TPU\prd\88053
|t № 11
|v С. 82-89
|d 2003
|
| 610 |
1 |
|
|a погрешности
|
| 610 |
1 |
|
|a математические соотношения
|
| 610 |
1 |
|
|a композиции
|
| 610 |
1 |
|
|a гамма-абсорбционный метод
|
| 610 |
1 |
|
|a толщина
|
| 610 |
1 |
|
|a оптимальные энергии
|
| 610 |
1 |
|
|a многослойные изделия
|
| 610 |
1 |
|
|a толщинометрия
|
| 610 |
1 |
|
|a оптимизация
|
| 610 |
1 |
|
|a параметры
|
| 675 |
|
|
|a 620.179.15
|v 3
|
| 700 |
|
1 |
|a Безуглов
|b А. И.
|
| 801 |
|
1 |
|a RU
|b 63413507
|c 20040121
|g PSBO
|
| 801 |
|
2 |
|a RU
|b 63413507
|c 20131018
|g PSBO
|
| 942 |
|
|
|c BK
|